000 00405nam a2200133Ia 4500
008 220217s9999||||xx |||||||||||||| ||und||
020 _a81-7366-221-5
082 _a005.13 HAR
100 _aHarvey, Burton Robinson, Simon. Etal.
_93616
245 0 _aC# programming with the public beta
260 _aShroff publishers and dis. Pvt.
_bMumbai
_c2000
300 _b100
650 _aPROGRAMMING LANGUAGE
999 _c172280
_d172280